000 00257nam a2200097Ia 4500
008 220204s9999 xx 000 0 und d
082 _a633.72
_bCOF
245 0 _aCase for increased production of coffee
260 _aBangalore
_bCoffee Board
_c1955
942 _cBK
999 _c21632
_d21632